Elementary science / (Record no. 12836)

000 -LEADER
fixed length control field 00645nam a2200193 a 4500
020 ## - INTERNATIONAL STANDARD BOOK NUMBER
ISBN 0065016742
040 ## - CATALOGING SOURCE
Transcribing agency DLC
082 00 - DEWEY DECIMAL CLASSIFICATION NUMBER
Classification number 372 HAR 1994 A021 Or.
100 1# - MAIN ENTRY--AUTHOR NAME
Personal name Dublin, Peter.
245 10 - TITLE STATEMENT
Title Elementary science /
260 ## - PUBLICATION, DISTRIBUTION, ETC. (IMPRINT)
Place of publication New York :
Name of publisher HarperCollins College Publishers,
Year of publication c1994.
300 ## - PHYSICAL DESCRIPTION
Number of Pages 176 p. :
Other physical details ill. ;
Dimensions 24 cm. +
Accompanying material 1 computer disk (3 1/2 in.).
500 ## - GENERAL NOTE
General note System requirements for computer disk: IBM-compatible PC; 640K RAM; DOS 3.3 or later; Epson, IBM/ProPrinter, HP LaserJet or compatible printer.
650 #0 - SUBJECT ADDED ENTRY--TOPICAL TERM
Topical Term Science
650 #0 - SUBJECT ADDED ENTRY--TOPICAL TERM
Topical Term Science
700 1# - ADDED ENTRY--PERSONAL NAME
Personal name Pressman, Harvey.
700 1# - ADDED ENTRY--PERSONAL NAME
Personal name Barnett, Eileen.
942 ## - ADDED ENTRY ELEMENTS (KOHA)
Koha item type សៀវភៅភាសាអង់គ្លេស
952 ## - LOCATION AND ITEM INFORMATION (KOHA)
Withdrawn status [LOCAL, KOHA] 0
Holdings
Permanent Location Date acquired Koha item type Lost status Shelving location Barcode Current Location Full call number
Library Block A2017-08-17សៀវភៅភាសាអង់គ្លេស A021A16511Library Block A372 HAR 1994 A021 Or.
មជ្ឈមណ្ឌលឯការនៃសាកលវិទ្យាល័យភូមិន្ទកសិកម្មចំការដូង

Powered by Koha